The new Palestine / (Record no. 552727)

000 -LEADER
fixed length control field 00548cam a2200169 i 4500
020 ## - INTERNATIONAL STANDARD BOOK NUMBER
International Standard Book Number 0405102666
082 00 - DEWEY DECIMAL CLASSIFICATION NUMBER
Classification number 956.94
Author Mark MCC
100 1# - MAIN ENTRY--PERSONAL NAME
Personal name McCrackan, William Denison,
9 (RLIN) 49990
245 14 - TITLE STATEMENT
Title The new Palestine /
Statement of responsibility, etc. William Denison McCrackan.
260 ## - PUBLICATION, DISTRIBUTION, ETC.
Place of publication, distribution, etc. New York :
Name of publisher, distributor, etc. Arno Press,
Date of publication, distribution, etc. 1977, [c1922].
300 ## - PHYSICAL DESCRIPTION
Extent xiv, 392 p., [56] leaves of plates :
Other physical details ill. ;
Dimensions 22 cm.
500 ## - GENERAL NOTE
General note Includes index.
500 ## - GENERAL NOTE
General note Reprint of the ed. published by Page Co., Boston.
526 ## - STUDY PROGRAM INFORMATION NOTE
Program name 0
Interest level 0
Reading level 0
Title point value 956_940000000000000_MCC
650 ## - SUBJECT ADDED ENTRY--TOPICAL TERM
Topical term or geographic name entry element MCE
9 (RLIN) 379
942 ## - ADDED ENTRY ELEMENTS (KOHA)
Source of classification or shelving scheme
Koha item type Book
Holdings
Withdrawn status Lost status Source of classification or shelving scheme Damaged status Not for loan Permanent Location Current Location Shelving location Date acquired Total Checkouts Full call number Barcode Date last seen Price effective from Koha item type
          Military College of Engineering (MCE) Military College of Engineering (MCE)   01/21/2015   956.94 MCC MCE-ECN.1 01/21/2015 01/21/2015 Book
© 2023 Central Library, National University of Sciences and Technology. All Rights Reserved.